| 000 | 00852nam a22002177a 4500 | ||
|---|---|---|---|
| 999 |
_c75206 _d312483 |
||
| 003 | OSt | ||
| 005 | 20181218115425.0 | ||
| 008 | 130130s2018 su a f b 00| 0 ara d | ||
| 020 | _a9786038227053 | ||
| 040 |
_amu-in _bara |
||
| 082 | 0 | 4 |
_221 _a307.14 _bب أ أ |
| 100 |
_aبدري، أميرة يوسف بابكر _965096 |
||
| 245 | 1 | 0 |
_aأسس التنمية والتخطيط الإجتماعي = _cأميرة يوسف بابكر بدري. _bthe Foundations of Development and social Planning / |
| 250 | _aط. 1. | ||
| 260 |
_aجدة، السعودية : _bخوارزم العلمية، _c2018 _m1439 |
||
| 300 |
_a244 ص. : _bجداول ؛ _c24 سم. |
||
| 504 | _aيشتمل علي قائمة ببليوجرافية . | ||
| 650 | 4 |
_aالتنمية الاجتماعية _965099 |
|
| 650 | 4 |
_aالتخطيط الاجتماعي _965100 |
|
| 942 | _cBOOK | ||